000 00516nam a2200169Ia 4500
999 _c20821
_d20821
003 OSt
005 20200603103116.0
008 190216s9999||||xx |||||||||||||| ||und||
020 _a9780195651409
040 _coclc
082 _a320.550954
_bZAV/E
100 _aZavos, John
_92501
245 4 _aThe Emergence Of Hindu Nationlism In India /
_cJohn Zavos
260 _bOxford University Press,
_c2000.
_aNew Delhi:
300 _a245p
942 _cBK
_2ddc
_h320.550954
_iZAV/E
_k320.550954
_mZAV/E